Public economic theory and policy
Αποθηκεύτηκε σε:
| Κύριος συγγραφέας: | |
|---|---|
| Άλλοι συγγραφείς: | |
| Μορφή: | Βιβλίο |
| Γλώσσα: | English |
| Δημοσίευση: |
New York :
Macmillan,
c1973
|
| Σειρά: | Macmillan series in economics
|
| Θέματα: | |
| Ετικέτες: |
Προσθήκη ετικέτας
Δεν υπάρχουν, Καταχωρήστε ετικέτα πρώτοι!
|
MARC
| LEADER | 00000nam a2200000 i 4500 | ||
|---|---|---|---|
| 001 | 1/69232 | ||
| 008 | 990209s1973 eng d | ||
| 035 | |l 10047789 | ||
| 040 | |a GR-MY-UA |b gre |e aacr | ||
| 041 | 0 | |a eng | |
| 082 | 0 | |a 336.73 | |
| 100 | 1 | |a Fromm, Gary. | |
| 245 | 1 | 0 | |a Public economic theory and policy / |c Gary Fromm and Paul Taubman |
| 260 | |a New York : |b Macmillan, |c c1973 | ||
| 300 | |a xviii, 361 p. | ||
| 490 | 1 | |a Macmillan series in economics | |
| 504 | |a Includes bibliography and index | ||
| 650 | 0 | 0 | |a Finance, Public. |
| 651 | 0 | |a United States |x Economic policy. | |
| 700 | 1 | |a Taubman, Paul |d 1939- | |
| 830 | 0 | |a Macmillan series in economics | |
| 852 | |a INST |b CHIOS |e 19990209 |h 336.73 FRO |p 005200014907 |q 005200014907 |t BK |y 0 | ||
| 901 | |a BIBL-1999-1 | ||
| 909 | |a Χ |b 055316 | ||
| 922 | |a 2ΔΩΡ |b 199902 |d ΛΕΜΟΝΙΑ | ||